000 03674cam a22012374i 4500
003 PE-LiUPU
005 20250813185612.0
008 150706s2010 xxua r 000 0 spa d
020 _a9789588307831
035 _a(Sirsi) i9789588307831
040 _aPE-LiUPU
_bspa
_cPE-LiUPU
_erda
049 _aPRUA
082 0 4 _a338.9
_bB21
_221
110 2 _aDesarrollo Banco Mundial
245 1 0 _aInforme sobre el desarrollo mundial 2010 :
_bdesarrollo y cambio climático /
_cDesarrollo Banco Mundial.
264 1 _aWashington, D.C. :
_bBanco Mundial,
_c2010.
300 _a399 páginas :
_bilustraciones a color ;
_c27 cm.
336 _atext
_2rdacontent
337 _aunmediated
_2rdamedia
338 _avolume
_2rdacarrier
500 _aEl documento es un resumen del Informe sobre el desarrollo mundial 2010.
505 0 _aPanorama general: un nuevo clima para el desarrollo -- Comprender los vínculos entre el cambio climático y el desarrollo -- Reducir la vulnerabilidad humana: cómo ayudar a la gente a ayudarse a sí misma -- Ordenar la tierra y el agua para alimentar a 9.000 millones de personas y proteger los sistemas naturales -- Vigorizar el desarrollo sin afectar el clima -- Integrar el desarrollo en el régimen climático mundial -- Generar el financiamiento necesario para la mitigación y la adaptación -- Aceleración de la innovación y la difusión de tecnologías -- Superar la inercia de las conductas y las instituciones.
526 _aP202
526 _aP201
526 _aP163
526 _aP162
526 _aP161
526 _aP160
526 _aP148
526 _aP147
526 _aP146
526 _aP145
526 _aP144
526 _aP143
526 _aP142
526 _aP141
526 _aP140
526 _aP139
526 _aP138
526 _aP137
526 _aP136
526 _aP135
526 _aP134
526 _aP133
526 _aP129
526 _aP128
526 _aP127
526 _aP120
526 _aP119
526 _aP118
526 _aP116
526 _aP115
526 _aP114
526 _aP110
526 _aP109
526 _aP108
526 _aP104
526 _aP103
526 _aP102
526 _aP99
526 _aP98
526 _aP97
526 _aP96
526 _aP95
526 _aP93
526 _aP90
526 _aP89
526 _aP88
526 _aP83
526 _aP82
526 _aP62
526 _aP59
526 _aP58
526 _aP57
526 _aP51
526 _aP49
526 _aP48
526 _aP47
526 _aP29
526 _aP24
526 _aP20
526 _aP19
526 _aP17
526 _aP15
526 _aP14
526 _aP12
526 _aP10
526 _aP09
526 _aP08
526 _aP07
526 _aP06
526 _aP05
526 _aP04
526 _aP01
541 _g001-0035385;
650 0 4 _aDesarrollo económico
_xAspectos ambientales.
650 0 4 _aCambios climáticos
_xAspectos económicos.
650 0 4 _aCambios climáticos
_xAspectos ambientales.
650 0 4 _aGeografía económica.
910 _bjv
_clch
_d20120627
942 _2ddc
_cBOOK
949 _a338.9 B21
_wDEWEY
_c1
_i64999
_lCCODEBUL1
_mBUL
_p92.00
_r0
_sY
_tBOOK
_u2015-7-6
_xINGENIERIA
_PP24
_o.STAFF. Colección General
994 _aC0
_bPEPRU
596 _a1
999 _a338.9 B21
_wDEWEY
_c53694
_i64999
_d53694
_e2017-5-12
_f2021-11-5
_g6
_lCCODEBUL1
_mBUL
_n1
_p92.00
_r0
_sY
_tBOOK
_u2015-7-6
_xFCE
_PP24
_0COMPRA
_o.STAFF. Colección General
980 _81
_gALBERTO SANCHEZ Responsable de Automatización